<?xml version="1.0" encoding="UTF-8"?>
<record
    xmlns:xsi="http://www.w3.org/2001/XMLSchema-instance"
    xsi:schemaLocation="http://www.loc.gov/MARC21/slim http://www.loc.gov/standards/marcxml/schema/MARC21slim.xsd"
    xmlns="http://www.loc.gov/MARC21/slim">

  <leader>01497nam a2200277Ia 4500</leader>
  <controlfield tag="003">OSt</controlfield>
  <controlfield tag="005">20210603113501.0</controlfield>
  <controlfield tag="008">210310s2000    ck adb gr     000 0 spa d</controlfield>
  <datafield tag="020" ind1=" " ind2=" ">
    <subfield code="a">9589669115</subfield>
  </datafield>
  <datafield tag="040" ind1=" " ind2=" ">
    <subfield code="a">CO-JMCR</subfield>
    <subfield code="c">CO-JMCR</subfield>
  </datafield>
  <datafield tag="041" ind1="0" ind2=" ">
    <subfield code="a">spa</subfield>
  </datafield>
  <datafield tag="082" ind1="0" ind2="4">
    <subfield code="a">333.7932 /</subfield>
    <subfield code="b">C822e</subfield>
    <subfield code="2">23</subfield>
  </datafield>
  <datafield tag="110" ind1="2" ind2=" ">
    <subfield code="a">Corporaci&#xF3;n Andina de Fomento</subfield>
    <subfield code="9">38076</subfield>
  </datafield>
  <datafield tag="245" ind1="1" ind2="0">
    <subfield code="a">Energ&#xED;a sin fronteras : </subfield>
    <subfield code="b">integraci&#xF3;n el&#xE9;ctrica suramericana : interconexi&#xF3;n de mercados mayoristas / </subfield>
    <subfield code="c">Corporaci&#xF3;n Andina de Fomento.</subfield>
  </datafield>
  <datafield tag="250" ind1=" " ind2=" ">
    <subfield code="a">Primera edici&#xF3;n</subfield>
  </datafield>
  <datafield tag="260" ind1=" " ind2=" ">
    <subfield code="a">Bogot&#xE1; : </subfield>
    <subfield code="b">Corporaci&#xF3;n Andina de Fomento, </subfield>
    <subfield code="c">2000</subfield>
  </datafield>
  <datafield tag="300" ind1=" " ind2=" ">
    <subfield code="a">196 p&#xE1;ginas : </subfield>
    <subfield code="b">ilustraciones, gr&#xE1;ficas y mapas a color ; </subfield>
    <subfield code="c">27 cm.</subfield>
  </datafield>
  <datafield tag="505" ind1="0" ind2=" ">
    <subfield code="a">Objetivos y alcance del estudio -- An&#xE1;lisis de la demanda -- An&#xE1;lisis de la oferta -- An&#xE1;lisis hidrol&#xF3;gico -- An&#xE1;lisis del rol y los precios del gas natural -- An&#xE1;lisis de los sistemas aislados e integrados -- Marco institucional regulatorio -- An&#xE1;lisis de las oportunidades de integraci&#xF3;n -- Beneficio ambiental en el contexto del Convenio de Cambio Clim&#xE1;tico </subfield>
  </datafield>
  <datafield tag="650" ind1="1" ind2="4">
    <subfield code="a">Energ&#xED;a el&#xE9;ctrica  </subfield>
    <subfield code="9">15797</subfield>
    <subfield code="z">Am&#xE9;rica del Sur</subfield>
  </datafield>
  <datafield tag="650" ind1="2" ind2="4">
    <subfield code="a">Producci&#xF3;n de energ&#xED;a el&#xE9;ctrica</subfield>
    <subfield code="z">Am&#xE9;rica del Sur</subfield>
    <subfield code="9">38077</subfield>
  </datafield>
  <datafield tag="650" ind1="2" ind2="4">
    <subfield code="a">Sector el&#xE9;ctrico</subfield>
    <subfield code="z">Am&#xE9;rica del Sur</subfield>
    <subfield code="9">38078</subfield>
  </datafield>
  <datafield tag="650" ind1="2" ind2="4">
    <subfield code="a">Distribuci&#xF3;n de energ&#xED;a el&#xE9;ctrica</subfield>
    <subfield code="z">Am&#xE9;rica del Sur</subfield>
    <subfield code="9">38079</subfield>
  </datafield>
  <datafield tag="650" ind1="2" ind2="4">
    <subfield code="a">Sector energ&#xE9;tico  	</subfield>
    <subfield code="z">Am&#xE9;rica del Sur</subfield>
    <subfield code="9">38080</subfield>
  </datafield>
  <datafield tag="650" ind1="2" ind2="4">
    <subfield code="a">Energ&#xED;a el&#xE9;ctrica</subfield>
    <subfield code="x">Aspectos econ&#xF3;micos</subfield>
    <subfield code="z">Am&#xE9;rica del Sur</subfield>
    <subfield code="9">38081</subfield>
  </datafield>
  <datafield tag="942" ind1=" " ind2=" ">
    <subfield code="2">ddc</subfield>
    <subfield code="c">BK</subfield>
  </datafield>
  <datafield tag="999" ind1=" " ind2=" ">
    <subfield code="c">7910</subfield>
    <subfield code="d">7910</subfield>
  </datafield>
  <datafield tag="952" ind1=" " ind2=" ">
    <subfield code="0">0</subfield>
    <subfield code="1">0</subfield>
    <subfield code="2">ddc</subfield>
    <subfield code="4">0</subfield>
    <subfield code="7">0</subfield>
    <subfield code="8">NFIC</subfield>
    <subfield code="a">CPL</subfield>
    <subfield code="b">CPL</subfield>
    <subfield code="d">2018-04-15</subfield>
    <subfield code="e">Donaci&#xF3;n</subfield>
    <subfield code="o">333.7932 / C822e</subfield>
    <subfield code="p">430003362</subfield>
    <subfield code="r">2024-05-16 00:00:00</subfield>
    <subfield code="t">Ej.1</subfield>
    <subfield code="y">BK</subfield>
  </datafield>
</record>
